| 000 | 00754nab a2200193 4500 | ||
|---|---|---|---|
| 001 | 244442 | ||
| 003 | OSt | ||
| 005 | 20240806083319.0 | ||
| 007 | tu | ||
| 008 | 200917s2020||||||| | ||
| 040 |
_aDE-2950 _cDE-2950 |
||
| 245 | 0 | 0 |
_aWie eine Gaststätte die alte Lebuser Vorstadt prägte _bStadtgeschichte. Von "Deutscher Kaiser" bis "Oderhang" : in der heutigen Herbert-Jensch-Straße befand sich ein Gaststätte, die über 100 Jahre die alte Lebuser Vorstadt prägte. Eine Foto und seine Geschichte/ _cRalf-Rüdiger Targiel |
| 264 | _c2024 | ||
| 653 | _aFrankfurt (Oder) | ||
| 653 | _aStadtgeschichte | ||
| 653 | _aLebuser Vorstadt | ||
| 773 | 0 |
_g35. Jahrgang (2024) Nr. 179 vom 02.08.2024, S. 15 mit Foto _tMärkische Oderzeitung |
|
| 942 |
_2z _cA |
||
| 999 |
_c373279 _d373279 |
||